|
|
|
|
| LEADER |
00872nam a22002057a 4500 |
| 003 |
GR-PaULI |
| 005 |
20180925115150.0 |
| 007 |
ta |
| 008 |
180925s1962 gr o|||f 2||| 00| 0 gre d |
| 999 |
|
|
|c 136329
|d 136329
|
| 040 |
|
|
|a GR-PaULI
|b gre
|c GR-PaULI
|e AACR2
|
| 060 |
|
|
|a QZ 269
|
| 100 |
1 |
|
|9 43609
|a Γεωργακόπουλος, Παν. Δ.
|e συγγραφέας
|
| 245 |
1 |
2 |
|a Η σημασία του οξυγόνου δια τους υπό ακτινοβόλησιν φυσιολογικούς ιστούς /
|c υπό Δρος Παν. Δ. Γεωργακόπουλου.
|
| 260 |
|
|
|a [χ.τ.]:
|b [χ.ό.],
|c [1962?].
|
| 300 |
|
|
|a 1 τ. (ποικίλη σελιδαρίθμηση) :
|b φωτογραφίες ;
|c 25 εκ.
|
| 504 |
|
|
|6 Περιλαμβάνει βιβλιογραφία.
|
| 650 |
|
4 |
|9 2811
|a Ακτινοθεραπεία
|
| 942 |
|
|
|2 nlm
|c BKN
|
| 998 |
|
|
|c ΜΑΝΙΑΚΗ
|d 2018
|